Roald Dahl Bibliography - Statistics

General Stats
  • This quiz has been taken 57 times
    4 since last reset
  • The average score is 15 of 173
Answer Stats
Type Year Name % Correct
Children's Novel 1964 Charlie and the Chocolate Factory
100%
Play 1976 Charlie and the Chocolate Factory: A Play
100%
Children's Novel 1972 Charlie and the Great Glass Elevator
100%
Children's Novel 1961 James and the Giant Peach
100%
Play 1982 James and the Giant Peach: A Play
100%
Children's Novel 1988 Matilda
100%
Children's Novel 1982 The BFG
100%
Play 1976 The BFG: Plays for Children
100%
Children's Novel 1980 The Twits
100%
Autobiography 1984 Boy: Tales of Childhood
75%
Children's Novel 1990 Esio Trot
75%
Children's Novel 1983 The Witches
75%
Children's Novel 1981 George's Marvellous Medicine
50%
Autobiography 1986 Going Solo
50%
Poem 2005 The Giraffe and the Pelly and Me
50%
Poetry Collection 1983 Dirty Beasts
25%
Children's Novel 1970 Fantastic Mr. Fox
25%
Play 1987 Fantastic Mr. Fox: A Play
25%
Poetry Collection 1982 Revolting Rhymes
25%
Short Story 1959 The Champion of the World
25%
Short Story 1942 The Gremlins
25%
Children's Novel 1943 The Gremlins
25%
Children's Novel 1966 The Magic Finger
25%
Poem 1989 A Hand in the Bird
0%
Short Story 1974 Ah, Sweet Mystery of Life
0%
Short Story Collection 1989 Ah, Sweet Mystery of Life: The Country Stories of Roald Dahl
0%
Poem 1989 Aladdin and the Magic Lamp
0%
Script 1958 Alfred Hitchcock Presents: Lamb to the Slaughter
0%
Poem 1989 Ali Baba and the Forty Thieves
0%
Poem 1989 A Little Nut Tree
0%
Short Story 1946 An African Story
0%
Poem 1961 Another Centipede Song
0%
Short Story 1942 A Piece of Cake
0%
Short Story Collection 1980 A Roald Dahl Selection: Nine Short Stories
0%
Poem 1961 Aunt Sponge and Aunt Spiker
0%
Short Story 1944 Beware of the Dog
0%
Short Story 1974 Bitch
0%
Poem 1970 Boggis, Bunce and Bean
0%
Play 1984 Charlie and the Glass Elevator: A Play
0%
Script 1968 Chitty Chitty Bang Bang
0%
Poem 1982 Cinderella
0%
Poem 1964 Concerning Augustus Gloop
0%
Poem 1964 Concerning Mike Teavee
0%
Poem 1964 Concerning Veruca Salt
0%
Poem 1964 Concerning Violet Beauregarde
0%
Short Story Collection 2016 Cruelty: Tales of Malice and Greed
0%
Children's Novel 1975 Danny, the Champion of the World
0%
Short Story 1988 Death in the Square: A Christmas Mystery in Four Parts
0%
Short Story 1945 Death of an Old Old Man
0%
Short Story Collection 2016 Deception: Tales of Intrigue and Lies
0%
Poem 1989 Dick Whittington and His Cat
0%
Short Story 1952 Dip in the Pool
0%
Short Story 1953 Edward the Conqueror
0%
Short Story Collection 2017 Fear: Tales of Terror and Suspense
0%
Short Story 1953 Galloping Foxley
0%
Short Story 1959 Genesis and Catastrophe: A True Story
0%
Short Story 1980 Georgy Porgy
0%
Short Story 1951 Girl Without a Name
0%
Poem 1982 Goldilocks and the Three Bears
0%
Poem 1989 Hansel and Gretel
0%
Poem 1989 Hey Diddle Diddle
0%
Poem 1989 Hot and Cold
0%
Short Story Collection 2017 Innocence: Tales of Youth and Guile
0%
Short Story 1964 In the Ruins
0%
Poem 1982 Jack and the Beanstalk
0%
Short Story 1944 Katina
0%
Short Story Collection 1960 Kiss Kiss
0%
Short Story 1953 Lamb to the Slaughter
0%
Poem 1982 Little Red Riding Hood
0%
Short Story 1977 Lucky Break
0%
Short Story Collection 2016 Lust: Tales of Craving and Desire
0%
Short Story 1945 Madame Rosette
0%
Short Story Collection 2016 Madness: Tales of Fear and Unreason
0%
Short Story 1948 Man from the South
0%
Poem 1989 Mary, Mary
0%
Non-Fiction Book 1988 Measles, a Dangerous Illness
0%
Cookbook 1991 Memories with Food at Gipsy House
0%
Short Story 1944 Missing: Believed Killed
0%
Short Story Collection 1980 More Tales of the Unexpected
0%
Short Story 1980 Mr. Boitbol
0%
Short Story 1953 Mr. Feasey
0%
Short Story 1953 Mr. Hoddy
0%
Short Story 1959 Mrs. Bixby and the Colonel's Coat
0%
Short Story 1952 My Lady Love, My Dove
0%
Novel 1979 My Uncle Oswald
0%
Autobiography 1993 My Years
0%
Short Story 1953 Neck
0%
Short Story 1953 Nunc Dimittis
0%
Short Story 1944 Only This
0%
Short Story Collection 1946 Over to You: Ten Stories of Flyers and Flying
0%
Short Story 1958 Parson's Pleasure
0%
Poem 1989 Physical Training
0%
Short Story 1960 Pig
0%
Short Story 1950 Poison
0%
Short Story 1986 Princess and the Poacher
0%
Short Story 1986 Princess Mammalia
0%
Poetry Collection 1989 Rhyme Stew
0%
Non-Fiction Book 1991 Roald Dahl's Guide to Railway Safety
0%
Short Story 1960 Royal Jelly
0%
Short Story 1952 Skin
0%
Poem 1982 Snow White and the Seven Dwarves
0%
Short Story 1945 Someone Like You
0%
Short Story Collection 1953 Someone Like You
0%
Novel 1948 Sometime Never: A Fable for Superman
0%
Poetry Collection 2005 Songs and Verse
0%
Poem 1989 St. Ives
0%
Short Story Collection 1974 Switch Bitch
0%
Short Story Collection 1979 Tales of the Unexpected
0%
Short Story 1951 Taste
0%
Poem 1983 The Anteater
0%
Short Story Collection 1978 The Best of Roald Dahl
0%
Short Story 1987 The Bookseller
0%
Short Story 1977 The Boy Who Talked with Animals
0%
Short Story 1974 The Butler
0%
Poem 1961 The Centipede's Song
0%
Poem 1983 The Cow
0%
Poem 1983 The Crocodile
0%
Diary 1991 The Dahl Diary 1992
0%
Poem 1989 The Dentist and the Crocodile
0%
Poem 1961 The Earthworm's Song
0%
Poem 1989 The Emperor's New Clothes
0%
Children's Novel 1978 The Enourmous Crocodile
0%
Children's Novel 1985 The Giraffe and the Pelly and Me
0%
Short Story 1953 The Great Automatic Grammatizator
0%
Short Story Collection 1982 The Great Automatic Grammatizator
0%
Short Story 1974 The Great Switcheroo
0%
Short Story 1977 The Hitch-Hiker
0%
Play 1955 The Honeys
0%
Short Story 1959 The Landlady
0%
Short Story 1966 The Last Act
0%
Poem 1983 The Lion
0%
Short Story 1947 The Mildenhall Treasure
0%
Non-Fiction Book 1999 The Mildenhall Treasure
0%
Children's Novel 1991 The Minpins
0%
Script 1971 The Night Digger
0%
Poem 1983 The Pig
0%
Poem 1983 The Porcupine
0%
Poem 1972 The President's Speech
0%
Poem 1989 The Price of Debaucheryd
0%
Short Story Collection 1997 The Roald Dahl Treasury
0%
Diary 1996 The Roald Dalh Diary 1997
0%
Poem 1983 The Scorpion
0%
Poem 2005 The Shark
0%
Short Story 1953 The Soldier
0%
Short Story 1949 The Sound Machine
0%
Short Story 1988 The Surgeon
0%
Short Story 1977 The Swan
0%
Short Story 1943 The Sword
0%
Poem 1983 The Toad and the Snail
0%
Poem 1989 The Tortoise and the Hare
0%
Poem 1983 The Tummy Beast
0%
Short Story 1980 The Umbrella Man
0%
Poem 1972 The Vermicious Knids
0%
Children's Novel 1991 The Vicar of Nibblesicke
0%
Short Story 1965 The Visitor
0%
Short Story 1954 The Way Up to Heaven
0%
Short Story 1953 The Wish
0%
Short Story 1977 The Wonderful Story of Henry Sugar
0%
Short Story Collection 1977 The Wonderful Story of Henry Sugar and Six More
0%
Short Story 1945 They Shall Not Grow Old
0%
Poem 1982 Three Little Pigs and the Big Bad Wolf
0%
Short Story Collection 2017 Trickery: Tales of Deceit and Cunning
0%
Short Story Collection 1969 Twenty-Nine Kisses from Roald Dahl
0%
Short Story Collection 1986 Two Fables
0%
Short Story 1980 Vengeance is Mine Inc.
0%
Poetry Collection 2005 Vile Verses
0%
Short Story Collection 2017 War: Tales of Conflict and Strife
0%
Script 1961 Way Out: William and Mary
0%
Short Story 1959 William and Mary
0%
Poem 1972 Willy Wonka's Wonka-Vite
0%
Script 1971 Willy Wonka & the Chocolate Factory
0%
Short Story 1946 Yesterday Was Beautiful
0%
Script 1967 You Only Live Twice
0%
No matching quizzes found
Score Distribution
Percent of People with Each Score
Percentile by Number Answered
Your Score History
You have not taken this quiz since the last reset